header

Financial and cost management for libraries and information services / (Record no. 90939)

MARC details
000 -LEADER
fixed length control field 02246nam a2200505 i 4500
001 - CONTROL NUMBER
control field ebr10831412
003 - CONTROL NUMBER IDENTIFIER
control field CaPaEBR
006 - FIXED-LENGTH DATA ELEMENTS--ADDITIONAL MATERIAL CHARACTERISTICS--GENERAL INFORMATION
fixed length control field m o d
007 - PHYSICAL DESCRIPTION FIXED FIELD--GENERAL INFORMATION
fixed length control field cr cn|||||||||
008 - FIXED-LENGTH DATA ELEMENTS--GENERAL INFORMATION
fixed length control field 970714t19981998enka ob 001 0 eng|d
020 ## - INTERNATIONAL STANDARD BOOK NUMBER
Cancelled/invalid ISBN 185739089X (acid-free paper)
Cancelled/invalid ISBN 9783598115141
International Standard Book Number 9783110963175 (e-book)
040 ## - CATALOGING SOURCE
Original cataloging agency CaPaEBR
Language of cataloging eng
Description conventions rda
-- pn
Transcribing agency CaPaEBR
035 ## - SYSTEM CONTROL NUMBER
System control number (OCoLC)872671999
043 ## - GEOGRAPHIC AREA CODE
Geographic area code e-uk---
050 14 - LIBRARY OF CONGRESS CALL NUMBER
Classification number Z683
Item number .R58 1998eb
082 04 - DEWEY DECIMAL CLASSIFICATION NUMBER
Classification number 025.1/1
Edition number 21
100 1# - MAIN ENTRY--PERSONAL NAME
Personal name Roberts, Stephen A.
Fuller form of name (Stephen Andrew)
245 10 - TITLE STATEMENT
Title Financial and cost management for libraries and information services /
Statement of responsibility, etc Stephen A. Roberts.
250 ## - EDITION STATEMENT
Edition statement Second edition.
264 #1 - PRODUCTION, PUBLICATION, DISTRIBUTION, MANUFACTURE, AND COPYRIGHT NOTICE
Place of production, publication, distribution, manufacture London ;
-- New Providence, NJ :
Name of producer, publisher, distributor, manufacturer Bowker-Saur,
Date of production, publication, distribution, manufacture, or copyright notice [1998]
Date of production, publication, distribution, manufacture, or copyright notice �1998
300 ## - PHYSICAL DESCRIPTION
Extent 1 online resource (432 pages) :
Other physical details illustrations
336 ## - CONTENT TYPE
Content type term text
Source rdacontent
337 ## - MEDIA TYPE
Media type term computer
Source rdamedia
338 ## - CARRIER TYPE
Carrier type term online resource
Source rdacarrier
500 ## - GENERAL NOTE
General note Rev. ed. of: Cost management for library and information services. 1985.
504 ## - BIBLIOGRAPHY, ETC. NOTE
Bibliography, etc Includes bibliographical references and index.
588 ## - SOURCE OF DESCRIPTION NOTE
Source of description note Description based on print version record.
590 ## - LOCAL NOTE (RLIN)
Local note Electronic reproduction. Palo Alto, Calif. : ebrary, 2014. Available via World Wide Web. Access may be limited to ebrary affiliated libraries.
650 #0 - SUBJECT ADDED ENTRY--TOPICAL TERM
Topical term or geographic name as entry element Libraries
General subdivision Cost control.
Topical term or geographic name as entry element Information services
General subdivision Cost control.
Topical term or geographic name as entry element Information services
General subdivision Finance.
Topical term or geographic name as entry element Library finance.
Topical term or geographic name as entry element Libraries
Geographic subdivision Great Britain
General subdivision Cost control.
Topical term or geographic name as entry element Information services
Geographic subdivision Great Britain
General subdivision Cost control.
Topical term or geographic name as entry element Information services
Geographic subdivision Great Britain
General subdivision Finance.
Topical term or geographic name as entry element Library finance
Geographic subdivision Great Britain.
655 #0 - INDEX TERM--GENRE/FORM
Genre/form data or focus term Electronic books.
700 1# - ADDED ENTRY--PERSONAL NAME
Personal name Roberts, Stephen A.
Fuller form of name (Stephen Andrew).
Title of a work Cost management for library and information services.
776 08 - ADDITIONAL PHYSICAL FORM ENTRY
Display text Print version:
Main entry heading Roberts, Stephen A.
Title Financial and cost management for libraries and information services.
Place, publisher, and date of publication London : Bowker-Saur, [1998]
Physical description xxv, 406 pages ; 23 cm.
International Standard Book Number 9783598115141
Record control number (DLC) 97030611
797 2# - LOCAL ADDED ENTRY--CORPORATE NAME (RLIN)
Corporate name or jurisdiction name as entry element ebrary.
856 40 - ELECTRONIC LOCATION AND ACCESS
Uniform Resource Identifier <a href="http://site.ebrary.com/lib/rucke/Doc?id=10831412">http://site.ebrary.com/lib/rucke/Doc?id=10831412</a>
Public note An electronic book accessible through the World Wide Web; click to view

No items available.

© 2026 Rongo University
Contact us: librarian | system librarian | Rongo university